Countries that End in "A" - Statistics

General Stats
  • This quiz has been taken 63 times
    35 since last reset
  • The average score is 63 of 74
Answer Stats
Initial Countries % Correct
A Australia
100%
A Argentina
96%
L Liberia
96%
A Albania
93%
A Armenia
93%
A Austria
93%
C Canada
93%
C China
93%
I India
93%
I Indonesia
93%
R Russia
93%
S Slovakia
93%
A Algeria
89%
A Antigua andBarbuda
89%
B Bolivia
89%
B Bulgaria
89%
E Estonia
89%
G Guyana
89%
L Libya
89%
S Serbia
89%
S Slovenia
89%
S South Africa
89%
S South Korea
89%
U Uganda
89%
V Venezuela
89%
Z Zambia
89%
A Angola
85%
B Bosnia andHerzegovina
85%
E Eritrea
85%
G Gambia
85%
G Grenada
85%
J Jamaica
85%
L Latvia
85%
L Lithuania
85%
M Malaysia
85%
N Namibia
85%
N Nigeria
85%
N North Korea
85%
N North Macedonia
85%
R Romania
85%
R Rwanda
85%
S Saudi Arabia
85%
S Somalia
85%
S Syria
85%
T Tanzania
85%
T Tunisia
85%
A Andorra
81%
B Botswana
81%
C Cuba
81%
D Dominica
81%
E Ethiopia
81%
F Federated Statesof Micronesia
81%
G Georgia
81%
G Ghana
81%
G Guinea
81%
K Kenya
81%
M Moldova
81%
M Mongolia
81%
N Nicaragua
81%
P Papua NewGuinea
81%
T Tonga
81%
U United Statesof America
81%
C Cambodia
78%
C Colombia
78%
C Costa Rica
78%
E EquatorialGuinea
78%
G Guatemala
78%
P Panama
78%
S Samoa
78%
C Croatia
74%
M Malta
74%
S Saint Lucia
74%
S Sri Lanka
74%
M Mauritania
70%
No matching quizzes found
Score Distribution
Percent of People with Each Score
Percentile by Number Answered
Your Score History
You have not taken this quiz since the last reset